Prénoms Jean-? - Statistiques

Statistiques générales
  • Ce quiz a été pris 88 fois
  • Le résultat moyen est 31 sur 100
Statistiques - réponses
Hint Réponse % Correct
Jarre Jean-Michel
79%
Goldman Jean-Jacques
73%
Sartre Jean-Paul
73%
Belmondo Jean-Paul
71%
Le Pen Jean-Marie
68%
Foucault Jean-Pierre
67%
Trintignant Jean-Louis
65%
Gaultier Jean-Paul
65%
Reichmann Jean-Luc
64%
Larqué Jean-Michel
61%
Mélenchon Jean-Luc
59%
Rousseau Jean-Jacques
57%
Lafesse Jean-Yves
56%
Smet Jean-Philippe
55%
Poquelin Jean-Baptiste
53%
Lahaye Jean-Luc
53%
Delarue Jean-Luc
53%
Bigard Jean-Marie
53%
Marielle Jean-Pierre
52%
Van Damme Jean-Claude
51%
Debout Jean-Jacques
51%
Rouve Jean-Paul
47%
Mocky Jean-Pierre
47%
Chevénement Jean-Pierre
47%
Bacri Jean-Pierre
45%
Aubert Jean-Louis
43%
Annaud Jean-Jacques
40%
Godard Jean-Luc
40%
Lustiger Jean-Marie
40%
Proslier Jean-Marie
40%
Perier Jean-Marie
40%
Murat Jean-Louis
39%
Cavada Jean-Marie
39%
Poiré Jean-Marie
39%
Lemoine Jean-Luc
37%
Le Clézio Jean-Marie
37%
Brialy Jean-Claude
36%
Copé Jean-François
36%
Papin Jean-Pierre
36%
Le Drian Jean-Yves
36%
Lully Jean-Baptiste
35%
Dabadie Jean-Loup
35%
Lamour Jean-François
32%
Etienne Jean-Louis
32%
Piège Jean-François
31%
Barrault Jean-Louis
31%
Debré Jean-Louis
31%
Barr Jean-Marc
29%
Ribes Jean-Michel
29%
De Lattre de Tassigny Jean-Marie
28%
Rameau Jean-Philippe
27%
Carpeaux Jean-Baptiste
25%
Millet Jean-François
25%
Gatien Jean-Philippe
24%
Bourret Jean-Claude
23%
Dreyfus Jean-Claude
23%
Drouot Jean-Claude
23%
Averty Jean-Christophe
21%
Cambadélis Jean-Christophe
21%
Mitterrand Jean-Christophe
21%
Casadesus Jean-Claude
21%
Chrétien Jean-Loup
21%
Gaudin Jean-Claude
20%
Beineix Jean-Jacques
20%
Thibault Jean-Marc
20%
Collard Jean-Philippe
19%
Reiser Jean-Marc
17%
Corot Jean-Baptiste
16%
Cochin Jean-Denis
16%
Hubert Jean-Loup
16%
Bredin Jean-Denis
15%
Champollion Jean-François
15%
Di Falco Jean-Michel
15%
Guégan Jean-Baptiste
13%
Colbert Jean-Baptiste
13%
Bouillon Jean-Claude
13%
Balmer Jean-François
13%
Capdevielle Jean-Patrick
13%
Rappeneau Jean-Paul
13%
Chaptal Jean-Antoine
12%
Tacchella Jean-Charles
12%
Castelbajac Jean-Charles
11%
Charlier Jean-Michel
11%
Jeanneney Jean-Noël
11%
De Baïf Jean-Antoine
9%
Sempé Jean-Jacques
9%
Marat Jean-Paul
9%
Lacoste Jean-René
9%
Cambacérès Jean-Jacques
8%
Berteloot Jean-Yves
8%
Pigalle Jean-Baptiste
7%
Pilâtre de Rozier Jean-François
7%
Laffont Jean-Loup
7%
Guérini Jean-Noël
7%
Manchette Jean-Patrick
5%
Coquelin Jean-Paul
5%
Bernaudeau Jean-René
5%
Houdon Jean-Antoine
4%
Dupré Jean-Noël
4%
Nattier Jean-Marc
3%
Aucun quiz correspondant
Distribution des résultats
% des personnes avec chaque résultat
Percentile par nombre de réponses
Votre historique - résultats
Vous n’avez pas pris ce quiz